Countries that Begin with B - Statistics

General Stats
  • This quiz has been taken 90 times
  • The average score is 12 of 17
Answer Stats
Answer % Correct
Brazil
94%
Botswana
80%
Belgium
79%
Bahrain
77%
Barbados
77%
Bhutan
77%
Bolivia
76%
Benin
73%
Bulgaria
73%
Bahamas
72%
Burundi
72%
Belize
69%
Brunei
69%
Belarus
68%
Bangladesh
63%
Burkina Faso
63%
Bosnia and Herzegovina
61%
No matching quizzes found
Score Distribution
Percent of People with Each Score
Percentile by Number Answered
Your Score History
You have not taken this quiz